|
|
|
|
| LEADER |
00000nab a2200000 a 4500 |
| 001 |
vtls000830958 |
| 003 |
SK-MaSNL |
| 005 |
20260303223624.0 |
| 008 |
040806c2003 xo 0 slo |
| 015 |
|
|
|a SNBRB2003/04-10279
|
| 035 |
|
|
|a CLN000182613
|
| 040 |
|
|
|a SNKBUCL
|b slo
|c SNKBUCL
|e AACR2
|
| 041 |
0 |
|
|a slo
|
| 044 |
|
|
|a xo
|c SK
|
| 080 |
|
|
|a 301.15-058.12
|x (437.1/.2)
|2 1981
|
| 080 |
|
|
|a 929.7
|x (437.1/.2)
|2 1981
|
| 100 |
1 |
|
|a Janík, Branislav
|4 aut
|9 838464
|
| 245 |
1 |
0 |
|a Česká šľachta sa necíti byť elitou, musí tvrdo pracovať
|c Branislav Janík
|
| 300 |
|
|
|b Fotogr.
|
| 650 |
0 |
7 |
|a šľachta
|2 snkbucl
|9 28113
|
| 650 |
0 |
7 |
|a česká šľachta
|2 snkbucl
|9 828247
|
| 773 |
0 |
|
|t Národná obroda
|g Roč. 14, č. 43 (21.2.2003)
|x 1335-4671
|
| 773 |
0 |
8 |
|i Príl.
|t Štýl
|g Roč. 7, s. VIII
|
| 850 |
|
|
|a Slovenská národná knižnica v Martine
|
| 852 |
|
|
|a SNK
|b KIS3GCP
|
| 958 |
|
|
|a CZ
|
| 999 |
|
|
|c 2248596
|d 2250526
|